LIBRARY & INFORMATION CENTRE, KCAET, TAVANUR

ONLINE PUBLIC ACCESS CATALOGUE (OPAC)

Dheerasameere Yamunatheere / (Record no. 3863)

MARC details
000 -LEADER
fixed length control field 00422cam a2200181ua 4500
041 ## - LANGUAGE CODE
Language code of text/sound track or separate title mal
082 ## - DEWEY DECIMAL CLASSIFICATION NUMBER
Classification number 894.8121
Item number KUR/DH
100 ## - MAIN ENTRY--AUTHOR NAME
Personal name Kurup, N P .
245 ## - TITLE STATEMENT
Title Dheerasameere Yamunatheere /
250 ## - EDITION STATEMENT
Edition statement 1 /
260 ## - PUBLICATION, DISTRIBUTION, ETC. (IMPRINT)
Place of publication Kollam :
Name of publisher Modern Book ,
Year of publication 1962.
300 ## - PHYSICAL DESCRIPTION
Number of Pages 48 ; .
942 ## - ADDED ENTRY ELEMENTS (KOHA)
Koha item type Books
Holdings
Withdrawn status Lost status Damaged status Home library Current library Date acquired Full call number Accession Number Koha item type
Withdrawn     KAUAET Central Prison Tavanur 07/04/2012 894.8121 1333 Books
free website counter